Modos de vida en la Selva de Matavén (Registro nro. 17781)

Detalles MARC
000 -CABECERA
Campo de control 01342nam a22002417a 4500
005 - FECHA Y HORA DE LA ULTIMA TRANSACCION
Campo de control 20150921103524.0
008 - ELEMENTOS DE LONGITUD FIJA—INFORMACION GENERAL
Campo de control 150917t2015 ck |||||r|||| 00| 0 spa d
020 ## - ISBN
ISBN 9789588902678
040 ## - FUENTE DE CATALOGACIÓN
Agencia catalogadora original CO-BoIAVH
Agencia transcriptora CO-BoIAVH
041 0# - IDIOMA
Código de idioma para texto/pista de sonido o título separado Español
044 ## - PAÍS DE PUBLICACIÓN
País de publicación Colombia
082 04 - NUMERO DE CLASIFICACION DECIMAL DEWEY
Número de clasificación 307.77
Número del ítem P73p2
110 2# - ASIENTO PRINCIPAL--NOMBRE CORPORATIVO
Nombre corporativo o de jurisdicción como elemento de entrada Programa de las Naciones Unidas para el Desarrollo (PNUD)
9 (RLIN) 33922
245 1# - MENCION DE TITULO
Título Modos de vida en la Selva de Matavén
Parte restante del título análisis basado en un proceso de investigación local /
Mención de responsabilidad Programa de las Naciones Unidas para el Desarrollo
260 ## - PUBLICACION, DISTRIBUCION, ETC. (PIE DE IMPRENTA)
Lugar de publicación, distribución, etc. Colombia:
Nombre del editor, distribuidor, etc. Programa de las Naciones Unidas para el Desarrollo,
-- Acatisema,
-- Instituto de Investigación de Recursos Biológicos Alexander von Humboldt,
-- Guiana Shield Facility,
Fecha de publicación, distribución, etc. 2015.
300 ## - DESCRIPCION FISICA
Extensión 31 páginas :
Otros detalles físicos mapas, gráficos y fotografías a color ;
Dimensiones 23 cm
500 ## - NOTA GENERAL
Nota general Proyecto regional fondo para la conservación del Escudo Guyanés-GSF<br/>Fortalecimiento de la gobernanza de las comunidades indígenas de la Selva de Matavén para la toma de decisiones participativas orientadas a la conservación del medio ambiente y la biodiversidad.
650 #6 - ASIENTO SECUNDARIO DE MATERIA - TERMINO TEMATICO
Término temático o nombre geográfico como elemento de entrada Comunidades indígenas
Subdivisión general Costumbres
9 (RLIN) 39020
650 #4 - ASIENTO SECUNDARIO DE MATERIA - TERMINO TEMATICO
Término temático o nombre geográfico como elemento de entrada Comunidades indígenas
Subdivisión general Prácticas
9 (RLIN) 39021
650 #4 - ASIENTO SECUNDARIO DE MATERIA - TERMINO TEMATICO
Término temático o nombre geográfico como elemento de entrada Comunidades indígenas
Subdivisión general Vida
9 (RLIN) 39022
651 #4 - ASIENTO SECUNDARIO DE MATERIA - NOMBRE GEOGRAFICO
Nombre geográfico Colombia
Subdivisión geográfica Vichada
-- Selva de Matavén
9 (RLIN) 39023
942 ## - ELEMENTOS ADICIONALES (KOHA)
Sistema de clasificación Dewey Decimal Classification
Tipo de ítem Folleto
Existencias
Withdrawn status Lost status Sistema de Clasificación Damaged status No para préstamo Colección Inventariado Ubicación Permanente Ubicación actual Fecha de adquisición Total Checkouts Número topográfico Inventario / Código de Barras Date last seen Ejemplar Price effective from Forma de adquisición Tipo de material
    Dewey Decimal Classification     General Inventariado 2017 Bogotá Bogotá 17/09/2015   LB-307.77 P73p2 039244 17/09/2015 Ej. 1 17/09/2015   Folleto
    Dewey Decimal Classification     General Inventariado 2017 Sala Fabio Quevedo Sala Fabio Quevedo 17/09/2015   LB-307.77 P73p2 039243 17/09/2015 Ej. 2 17/09/2015   Folleto